00601nam a2200169 i 450000100060000000300090000600500170001500700030003200800410003524501360007626000850021230000220029749000190031971000420033883000190038085200320039920962ES-MaACL20230906152407.0t|021119s1981 sp ||||1| spa d00aAcuerdos autonómicos firmados por el Gobierno de la Nación y el Partido Socialista Obrero Español b: el 31 de julio de 1981. aMadrid : b[Presidencia del Gobierno, Servicio Central de Publicaciones],c1981. a110 p. ; c17 cm.1 aInforme ; v361 aEspaña. bPresidencia del Gobierno.0 aInforme ; v36 aES-MaACLjL-6182 bR.106030